000 00898nam a22002297a 4500
999 _c61633
_d61633
005 20240403124921.0
008 240403s2016 tu ||||| |||| 00| 0 tur d
020 _a9786058701021x
041 _atur
080 _a811.512.161 Y-40
245 _aYedi İklim Türkçe :
_bB 1: çalışma kitabı /
_c İbrahim Gültekin, Mahir Kalfa, Filiz Mete, Aydan Eryiğit, Uğur Kılıç.
264 _aAnkara :
_bYunus emre enstitusu,
_c2016.
300 _a98 p. :
_bill.;
_c30 cm.
653 _a თურქული ენა
653 _aსავარჯიშო რვეული
700 _aGültekin, İbrahim
_eავტორი
_921675
700 _aKalfa, Mahir
_eავტორი
_921685
700 _aMete, Filiz
_eავტორი
_921687
700 _aEryiğit, Aydan
_eავტორი
_921688
700 _aKılıç, Uğur
_eავტორი
_921689
942 _2udc
_cBK